000 01123nam a22003017a 4500
001 0011408
003 DO-SdBNP
005 20171110132246.0
007 0011408
008 160915b 2012 sp||||| |||| 00| 0 spa d
020 _a9789962040255
040 _aBPMSU
_bspa
_cBPMSU
082 4 _a712
_bM637i
245 0 0 _a1000 ideas en diseño de jardines /
_cedición Marta Serrats
246 0 0 _aMil ideas en diseño de jardines /
260 0 _aBarcelona, Espan̋a :
_bLexus,
_c2012.
300 _a419 p. :
_bil. ;
_c27 cm.
505 0 _aUsos y funciones del jardín -- Consejos para el diseño de jardines -- Propuestas ecológicas para el jardín -- Nuevas ideas para el Jardín Urbano -- El jardín como extensión de la vivienda -- Barbacoas y cocinas exteriores -- Consejos para decorar el jardín.
650 4 _aARQUITECTURA DE JARDINES
650 4 _aJARDINERÍA
650 4 _aJARDINES
650 4 _aJARDINERIA
700 1 2 _aSerrats, Marta,
_eed.
910 _aValidado. Control de calidad MFF
942 _2ddc
_cBK
945 _aInventariado extranjero / 2017 VM
956 _aBTAVÁREZ
_b10
_c20161509
_d0011408
999 _c11411
_d11411